| 000 | 00629nam a2200241Ia 4500 | ||
|---|---|---|---|
| 001 | 39170 | ||
| 005 | 20240114002041.0 | ||
| 007 | ta | ||
| 008 | 070813s1960 g b000 u 098 u | ||
| 040 | _aCotton College,Assam | ||
| 041 | _a098 | ||
| 082 |
_a297 _bBu |
||
| 100 | _aBukhari, Hazarat Imam . | ||
| 245 | 0 |
_aKitab-E-Zindegi / _cHazarat Imam Bukhari. _hTextual Documents |
|
| 250 | _a1st ed. / | ||
| 260 |
_aKarachi : _bNafis Acadamy , _c1960. |
||
| 300 |
_a368p. ; _c22cm. |
||
| 653 | _aReligious Literature | ||
| 653 | _aG-Arabic & Persian | ||
| 942 |
_2ddc _cBK |
||
| 999 |
_c39142 _d39142 |
||